[Event "Mecklenburg VP LL2 West 1819"]
[Site "Mecklenburg VP"]
[Date "2019.03.24"]
[Round "8.3"]
[White "Nour, Alaa"]
[Black "Tuchtenhagen, Harald"]
[Result "0-1"]
[WhiteElo "1774"]
[BlackElo "1913"]
[PlyCount "124"]
[EventDate "2018.10.21"]
[EventType "team-tourn"]
[EventRounds "9"]
[EventCountry "GER"]
[SourceTitle "EXT 2022"]
[Source "ChessBase"]
[SourceDate "2021.10.06"]
[SourceVersion "1"]
[SourceVersionDate "2021.10.06"]
[SourceQuality "1"]
[WhiteTeam "Rostock SSC 07 II"]
[BlackTeam "Parchim SV Blau-Weiss 69"]
[WhiteTeamCountry "GER"]
[BlackTeamCountry "GER"]

1. e4 e5 2. Nf3 Nc6 3. Bc4 Bc5 4. 0-0 Nf6 5. d4 Bxd4 6. Nxd4 Nxd4 7. Bg5 0-0 8. f4 Qe7 9. Kh1 Qc5 10. fxe5 Nxe4 11. Be3 Qxc4 12. Bxd4 c5 13. Be3 d5 14. exd6 Bg4 15. Qc1 b6 16. Nd2 Qe6 17. Nxe4 Qxe4 18. Bf4 Rad8 19. Qd2 Qc6 20. Rae1 Rfe8 21. Rxe8+ Rxe8 22. Re1 Rxe1+ 23. Qxe1 Be6 24. Qe5 h6 25. h4 Qa4 26. b3 Qxa2 27. Qe4 Qa6 28. Kh2 Qc8 29. c4 Qd7 30. Qa8+ Kh7 31. Qb8 f6 32. Qf8 Kg6 33. Kg3 Bg4 34. Qa8 h5 35. Qe4+ Bf5 36. Qe3 Bc2 37. Kf2 Kf7 38. g3 g6 39. Qc3 Be4 40. Qe3 Bc6 41. Ke1 Qe6 42. Ke2 Qxe3+ 43. Kxe3 Ke6 44. Kd3 Bd7 45. Ke4 a5 46. Kf3 Kf5 47. Bh6 Ke5 48. Bf8 Kd4 49. Be7 Kc3 50. Bd8 Kxb3 51. Bxb6 a4 52. Bxc5 Kxc4 53. Ba3 Kb3 54. Bc5 Kb2 55. Bd4+ Kb1 56. Bxf6 a3 57. Kf4 a2 58. Kg5 Be8 59. d7 Bxd7 60. Kxg6 Bg4 61. Kg5 a1Q 62. Bxa1 Kxa1 0-1

[Event "Mecklenburg VP LL2 West 1415"]
[Site "Mecklenburg VP"]
[Date "2015.02.22"]
[Round "6.5"]
[White "Tuchtenhagen, Harald"]
[Black "Oelke, Bernd"]
[Result "1/2-1/2"]
[WhiteElo "1797"]
[BlackElo "1774"]
[PlyCount "59"]
[EventDate "2014.09.21"]
[EventType "team-tourn"]
[EventRounds "9"]
[EventCountry "GER"]
[SourceTitle "EXT 2022"]
[Source "ChessBase"]
[SourceDate "2021.10.06"]
[SourceVersion "1"]
[SourceVersionDate "2021.10.06"]
[SourceQuality "1"]
[WhiteTeam "Ludwigslust VT 2000"]
[BlackTeam "Putlitzer SV 1921"]
[WhiteTeamCountry "GER"]
[BlackTeamCountry "GER"]

1. e4 d5 2. d4 dxe4 3. Nc3 Nf6 4. Bc4 e6 5. Nge2 Be7 6. Ng3 Nbd7 7. Ncxe4 Nxe4 8. Nxe4 Nf6 9. Bd3 Bd7 10. c3 Bc6 11. f3 0-0 12. 0-0 Qd7 13. Re1 b6 14. Qc2 g6 15. Bh6 Rfe8 16. Rad1 Nxe4 17. Bxe4 Bxe4 18. Qxe4 Bf8 19. Bxf8 Rxf8 20. d5 exd5 21. Rxd5 Qc6 22. Qd4 Rfe8 23. Rde5 Rad8 24. Qf4 Rxe5 25. Qxe5 Qd6 26. Qxd6 Rxd6 27. Kf2 Kf8 28. Re2 f5 29. f4 Kf7 30. Re5 1/2-1/2

[Event "Mecklenburg VP LL2 West 1415"]
[Site "Mecklenburg VP"]
[Date "2015.01.18"]
[Round "5.6"]
[White "Moews, Harald"]
[Black "Tuchtenhagen, Harald"]
[Result "1/2-1/2"]
[WhiteElo "1550"]
[BlackElo "1797"]
[PlyCount "106"]
[EventDate "2014.09.21"]
[EventType "team-tourn"]
[EventRounds "9"]
[EventCountry "GER"]
[SourceTitle "EXT 2022"]
[Source "ChessBase"]
[SourceDate "2021.10.06"]
[SourceVersion "1"]
[SourceVersionDate "2021.10.06"]
[SourceQuality "1"]
[WhiteTeam "Schwerin SV Einheit"]
[BlackTeam "Ludwigslust VT 2000"]
[WhiteTeamCountry "GER"]
[BlackTeamCountry "GER"]

1. e4 e5 2. c4 Nf6 3. Nc3 Bc5 4. d3 d6 5. Be2 0-0 6. Nf3 Ng4 7. 0-0 c6 8. h3 Nh6 9. g4 Kh8 10. Bg5 f6 11. Bh4 Nf7 12. Qd2 Na6 13. a3 Nc7 14. b4 Bb6 15. a4 Ne6 16. Bg3 Nfg5 17. Kg2 Nxf3 18. Bxf3 Nd4 19. Bd1 g5 20. a5 Bc7 21. f3 a6 22. Bf2 Ne6 23. Be3 b6 24. axb6 Bxb6 25. Ne2 Bxe3 26. Qxe3 Rb8 27. Ba4 Qb6 28. Qxb6 Rxb6 29. Rfb1 Bd7 30. Rb2 Rfb8 31. Rab1 a5 32. b5 Nc5 33. Bc2 cxb5 34. d4 Ne6 35. dxe5 dxe5 36. Ba4 Nc5 37. Bxb5 a4 38. Nc3 Kg7 39. Rd2 Be6 40. Nd5 Bxd5 41. exd5 Nb7 42. Ra1 Nd6 43. Rxa4 Nxb5 44. cxb5 Rxb5 45. d6 Rb2 46. Ra7+ Kg6 47. Rxb2 Rxb2+ 48. Kg3 Rd2 49. d7 f5 50. gxf5+ Kxf5 51. d8Q Rxd8 52. Rxh7 Rd4 53. Rh8 Ra4 1/2-1/2

[Event "Mecklenburg VP LL2 West 1213"]
[Site "Mecklenburg VP"]
[Date "2013.01.27"]
[Round "4.6"]
[White "Tuchtenhagen, Harald"]
[Black "Schmidtke, Wilfried"]
[Result "1-0"]
[WhiteElo "1855"]
[BlackElo "1657"]
[PlyCount "171"]
[EventDate "2012.10.14"]
[EventType "team-tourn"]
[EventRounds "9"]
[EventCountry "GER"]
[SourceTitle "EXT 2022"]
[Source "ChessBase"]
[SourceDate "2021.10.06"]
[SourceVersion "1"]
[SourceVersionDate "2021.10.06"]
[SourceQuality "1"]
[WhiteTeam "Ludwigslust Post SV"]
[BlackTeam "Wismar ASV Gruen-Weiss II"]
[WhiteTeamCountry "GER"]
[BlackTeamCountry "GER"]

1. e4 c5 2. Bc4 e6 3. c3 Nc6 4. Nf3 d6 5. 0-0 Nf6 6. Re1 Be7 7. d4 0-0 8. dxc5 dxc5 9. Qe2 e5 10. h3 Qc7 11. Bd5 Bd7 12. g4 Kh8 13. Ng5 Nd8 14. c4 Nxd5 15. exd5 f6 16. Nf3 Nf7 17. Nc3 Nd6 18. Ne4 Nxe4 19. Qxe4 Bd6 20. Nh4 Rf7 21. Nf5 Bxf5 22. Qxf5 g6 23. Qd3 Re8 24. Bd2 Qd7 25. a3 Rfe7 26. f3 Kg7 27. Qe3 Kg8 28. Kg2 f5 29. Bc3 e4 30. b3 exf3+ 31. Qxf3 Rxe1 32. Rxe1 Rxe1 33. Bxe1 fxg4 34. Qxg4 Qxg4+ 35. hxg4 Kf7 36. Bg3 Bf8 37. Kf3 Be7 38. Ke4 h5 39. gxh5 gxh5 40. Kf5 h4 41. Bh2 Bf6 42. Kg4 Kg6 43. Bd6 Bd4 44. Kxh4 Kf5 45. Kg3 Bg1 46. Kf3 Bd4 47. Bb8 Bb2 48. a4 a6 49. Ke3 Bc3 50. Bd6 Bb4 51. Bf8 Ba3 52. Bd6 Bb4 53. Bc7 Ba3 54. d6 Ke6 55. Ke4 Bb4 56. Bb8 Ba5 57. Bc7 Bb4 58. Kf4 Ba3 59. Kg5 Bb4 60. Kg6 Ba3 61. Kg7 Bb4 62. Kf8 Kd7 63. Kf7 Ba3 64. Kf6 Bb2+ 65. Kf5 Bc3 66. Bb8 Bb2 67. Ke4 Ke6 68. d7 Kxd7 69. Kd5 b6 70. a5 bxa5 71. Kxc5 Kc8 72. Bf4 Kb7 73. Kd6 Ba3+ 74. Kd7 Bb4 75. Bd6 Kb6 76. Bxb4 axb4 77. Kd6 a5 78. c5+ Kb5 79. c6 a4 80. bxa4+ Kxa4 81. c7 b3 82. c8Q Ka3 83. Qa6+ Kb2 84. Kc5 Kb1 85. Kc4 b2 86. Kc3 1-0

[Event "Mecklenburg VP LL2 West 1213"]
[Site "Mecklenburg VP"]
[Date "2012.11.25"]
[Round "3.6"]
[White "Duben, Gerhard"]
[Black "Tuchtenhagen, Harald"]
[Result "0-1"]
[WhiteElo "1309"]
[BlackElo "1855"]
[PlyCount "74"]
[EventDate "2012.10.14"]
[EventType "team-tourn"]
[EventRounds "9"]
[EventCountry "GER"]
[SourceTitle "EXT 2022"]
[Source "ChessBase"]
[SourceDate "2021.10.06"]
[SourceVersion "1"]
[SourceVersionDate "2021.10.06"]
[SourceQuality "1"]
[WhiteTeam "Parchim SV Blau-Weiss 69"]
[BlackTeam "Ludwigslust Post SV"]
[WhiteTeamCountry "GER"]
[BlackTeamCountry "GER"]

1. e4 e5 2. Nf3 Nc6 3. d4 exd4 4. Nxd4 Bc5 5. Be3 Qf6 6. c3 Nge7 7. Qd2 0-0 8. b4 Bb6 9. Nxc6 Nxc6 10. Bxb6 axb6 11. Bd3 Nxb4 12. 0-0 Nxd3 13. Qxd3 d6 14. Nd2 Ra3 15. Qd4 Rxc3 16. Qxf6 gxf6 17. a4 Bd7 18. a5 bxa5 19. Rxa5 Bc6 20. f3 Re8 21. Nb1 Rd3 22. Kf2 Re5 23. Ra8+ Kg7 24. Rc8 Re7 25. Rc1 Rb3 26. Nd2 Rb2 27. Ke3 f5 28. Rg1 fxe4 29. f4 d5 30. g4 Rc2 31. Rd8 Rc3+ 32. Ke2 Bb5+ 33. Kd1 Rd3 34. Kc1 Re8 35. Rxe8 Bxe8 36. Nb1 Ba4 37. h4 e3 0-1

[Event "Mecklenburg VP LL2 West 1112"]
[Site "Mecklenburg VP"]
[Date "2012.04.15"]
[Round "9.4"]
[White "Hertel Mach, Frank"]
[Black "Tuchtenhagen, Harald"]
[Result "0-1"]
[WhiteElo "1814"]
[BlackElo "1889"]
[PlyCount "80"]
[EventDate "2011.10.02"]
[EventType "team-tourn"]
[EventRounds "9"]
[EventCountry "GER"]
[SourceTitle "EXT 2022"]
[Source "ChessBase"]
[SourceDate "2021.10.06"]
[SourceVersion "1"]
[SourceVersionDate "2021.10.06"]
[SourceQuality "1"]
[WhiteTeam "Malchow Schachinsel"]
[BlackTeam "Ludwigslust Post SV"]
[WhiteTeamCountry "GER"]
[BlackTeamCountry "GER"]

1. e4 e5 2. d4 exd4 3. Nf3 Bb4+ 4. Bd2 Bc5 5. Bg5 Be7 6. Bf4 Nf6 7. e5 Nd5 8. Qxd4 Nxf4 9. Qxf4 0-0 10. Bd3 d6 11. Qe4 g6 12. 0-0 Nc6 13. Nc3 Bf5 14. Qe2 Bxd3 15. Qxd3 Nxe5 16. Nxe5 dxe5 17. Qb5 b6 18. Qxe5 Bf6 19. Qg3 Bxc3 20. Qxc3 c5 21. Rad1 Qc7 22. Rd3 Rad8 23. Rh3 Rd4 24. Qe3 f5 25. Re1 Re4 26. Qb3+ c4 27. Qc3 Rfe8 28. Rhe3 Qf4 29. Rxe4 Rxe4 30. Rd1 Re2 31. Rf1 Qe4 32. Rc1 b5 33. f3 Qe7 34. Kf1 Rxg2 35. Re1 Qg5 36. Qd4 Rd2 37. Qg1 Qxg1+ 38. Kxg1 Rxc2 39. Re7 Rxb2 40. Rxa7 c3 0-1

[Event "Mecklenburg VP LL2 West 1112"]
[Site "Mecklenburg VP"]
[Date "2012.03.18"]
[Round "8.3"]
[White "Tuchtenhagen, Harald"]
[Black "Peschke, Wolfgang"]
[Result "1/2-1/2"]
[WhiteElo "1889"]
[BlackElo "1668"]
[PlyCount "55"]
[EventDate "2011.10.02"]
[EventType "team-tourn"]
[EventRounds "9"]
[EventCountry "GER"]
[SourceTitle "EXT 2022"]
[Source "ChessBase"]
[SourceDate "2021.10.06"]
[SourceVersion "1"]
[SourceVersionDate "2021.10.06"]
[SourceQuality "1"]
[WhiteTeam "Ludwigslust Post SV"]
[BlackTeam "Schwerin SF III"]
[WhiteTeamCountry "GER"]
[BlackTeamCountry "GER"]

1. e4 e6 2. b3 d5 3. exd5 exd5 4. Nf3 Nf6 5. Be2 Bd6 6. 0-0 0-0 7. Bb2 Bg4 8. h3 Bxf3 9. Bxf3 Nbd7 10. Nc3 c6 11. Ne2 Qc7 12. c4 Ne5 13. Bxe5 Bxe5 14. d4 Bd6 15. cxd5 Nxd5 16. Bxd5 cxd5 17. Qd3 Qd7 18. Ng3 g6 19. Qf3 Ba3 20. Rab1 Rac8 21. b4 Qa4 22. Qxd5 Rfd8 23. Qb3 Qxb3 24. Rxb3 Bc1 25. Rd3 Bh6 26. Ne4 Rc4 27. Nf6+ Kg7 28. Ng4 1/2-1/2

[Event "Mecklenburg VP LL2 West 1112"]
[Site "Mecklenburg VP"]
[Date "2011.10.23"]
[Round "2.3"]
[White "Tuchtenhagen, Harald"]
[Black "Schult, Tobias"]
[Result "1/2-1/2"]
[WhiteElo "1889"]
[BlackElo "1607"]
[PlyCount "38"]
[EventDate "2011.10.02"]
[EventType "team-tourn"]
[EventRounds "9"]
[EventCountry "GER"]
[SourceTitle "EXT 2022"]
[Source "ChessBase"]
[SourceDate "2021.10.06"]
[SourceVersion "1"]
[SourceVersionDate "2021.10.06"]
[SourceQuality "1"]
[WhiteTeam "Ludwigslust Post SV"]
[BlackTeam "Parchim SV Blau-Weiss 69"]
[WhiteTeamCountry "GER"]
[BlackTeamCountry "GER"]

1. e4 c5 2. Bc4 d6 3. Nf3 e6 4. 0-0 Nc6 5. d4 cxd4 6. Nxd4 Be7 7. Be3 Nf6 8. Nd2 0-0 9. c3 a6 10. f4 Nxd4 11. Bxd4 Qc7 12. e5 Nd7 13. exd6 Bxd6 14. Qg4 e5 15. fxe5 Bxe5 16. Nf3 Bxd4+ 17. Qxd4 b5 18. Bd5 Bb7 19. Bxb7 Qxb7 1/2-1/2

[Event "Mecklenburg VP LL2 West 1011"]
[Site "Mecklenburg VP"]
[Date "2011.01.16"]
[Round "5.4"]
[White "Krueger, Gerhard"]
[Black "Tuchtenhagen, Harald"]
[Result "1/2-1/2"]
[WhiteElo "1945"]
[BlackElo "1882"]
[PlyCount "24"]
[EventDate "2010.10.10"]
[EventType "team-tourn"]
[EventRounds "9"]
[EventCountry "GER"]
[SourceTitle "EXT 2022"]
[Source "ChessBase"]
[SourceDate "2021.10.06"]
[SourceVersion "1"]
[SourceVersionDate "2021.10.06"]
[SourceQuality "1"]
[WhiteTeam "Schwerin SF II"]
[BlackTeam "Ludwigslust Post SV"]
[WhiteTeamCountry "GER"]
[BlackTeamCountry "GER"]

1. e4 e5 2. Nf3 Nc6 3. d4 exd4 4. Bc4 Bb4+ 5. c3 dxc3 6. 0-0 Nf6 7. e5 d5 8. exf6 dxc4 9. Qe2+ Be6 10. bxc3 Ba5 11. fxg7 Rg8 12. Rd1 Qf6 1/2-1/2

[Event "Mecklenburg VP LL2 West 1011"]
[Site "Mecklenburg VP"]
[Date "2010.10.10"]
[Round "1.4"]
[White "Klein, Michael"]
[Black "Tuchtenhagen, Harald"]
[Result "0-1"]
[WhiteElo "1618"]
[BlackElo "1882"]
[PlyCount "92"]
[EventDate "2010.10.10"]
[EventType "team-tourn"]
[EventRounds "9"]
[EventCountry "GER"]
[SourceTitle "EXT 2022"]
[Source "ChessBase"]
[SourceDate "2021.10.06"]
[SourceVersion "1"]
[SourceVersionDate "2021.10.06"]
[SourceQuality "1"]
[WhiteTeam "Ludwigslust Post SV II"]
[BlackTeam "Ludwigslust Post SV"]
[WhiteTeamCountry "GER"]
[BlackTeamCountry "GER"]

1. d4 Nf6 2. c4 e5 3. dxe5 Ng4 4. Nf3 Bc5 5. e3 Nc6 6. Be2 0-0 7. 0-0 Ngxe5 8. Nbd2 Nxf3+ 9. Nxf3 d6 10. a3 Qf6 11. Ra2 a5 12. b3 Ne5 13. Bb2 Nxf3+ 14. Bxf3 Qg5 15. Bd4 c6 16. Qd2 Be6 17. Rd1 Rfd8 18. Qc3 Bxd4 19. Qxd4 d5 20. Rad2 Rd7 21. Qc5 a4 22. b4 Qf6 23. cxd5 cxd5 24. Bxd5 Qd8 25. e4 b6 26. Qe3 Rc8 27. h3 Bxd5 28. Rxd5 Rxd5 29. exd5 Qd6 30. f4 h6 31. Qe5 Qg6 32. d6 Qe6 33. d7 Rd8 34. Qc7 Qe7 35. Qxb6 Rxd7 36. Qb8+ Kh7 37. Rxd7 Qxd7 38. Qe5 Qd3 39. Qb2 Qb3 40. Qc1 Kg6 41. Kh2 Kf5 42. Qc5+ Kxf4 43. b5 Qg3+ 44. Kh1 Qe1+ 45. Qg1 Qxg1+ 46. Kxg1 Ke5 0-1

[Event "Mecklenburg VP LL 0910"]
[Site "Mecklenburg VP"]
[Date "2009.11.15"]
[Round "2.2"]
[White "Schinke, Andreas"]
[Black "Tuchtenhagen, Harald"]
[Result "1-0"]
[WhiteElo "2049"]
[BlackElo "1893"]
[PlyCount "31"]
[EventDate "2009.10.18"]
[EventType "team-tourn"]
[EventRounds "9"]
[EventCountry "GER"]
[SourceTitle "EXT 2016"]
[Source "ChessBase"]
[SourceDate "2015.10.08"]
[SourceVersion "1"]
[SourceVersionDate "2015.10.08"]
[SourceQuality "1"]
[WhiteTeam "Grevesmuehlen Blau Weiss"]
[BlackTeam "Ludwigslust Post SV"]
[WhiteTeamCountry "GER"]
[BlackTeamCountry "GER"]

1. e4 e5 2. Nf3 f5 3. Nxe5 Qe7 4. Qh5+ g6 5. Nxg6 Qxe4+ 6. Be2 Nf6 7. Qh3 Rg8 8. Nc3 Qd4 9. Nb5 Qb6 10. Nxf8 Ng4 11. Qh5+ Kd8 12. d4 Nf6 13. Qh4 Rxf8 14. Bg5 a6 15. Nc3 h6 16. Qxh6 1-0

[Event "Mecklenburg VP LL 0809"]
[Site "Mecklenburg VP"]
[Date "2009.03.29"]
[Round "9.6"]
[White "Tuchtenhagen, Harald"]
[Black "Matzek, Franz David"]
[Result "1-0"]
[WhiteElo "1908"]
[BlackElo "1665"]
[PlyCount "61"]
[EventDate "2008.10.05"]
[EventType "team-tourn"]
[EventRounds "9"]
[EventCountry "GER"]
[SourceTitle "EXT 2022"]
[Source "ChessBase"]
[SourceDate "2021.10.06"]
[SourceVersion "1"]
[SourceVersionDate "2021.10.06"]
[SourceQuality "1"]
[WhiteTeam "Ludwigslust Post SV"]
[BlackTeam "Gryps SV"]
[WhiteTeamCountry "GER"]
[BlackTeamCountry "GER"]

1. e4 Nf6 2. Nc3 d5 3. exd5 Nxd5 4. Bc4 c6 5. Qf3 e6 6. Nge2 Nd7 7. d4 Be7 8. 0-0 0-0 9. Nxd5 exd5 10. Bd3 Nf6 11. h3 h6 12. Ng3 Nh7 13. Nf5 Bf6 14. c3 Ng5 15. Qg3 Kh8 16. f3 b5 17. Bf4 Ne6 18. Bd6 Re8 19. Rae1 Bd7 20. Ba3 Rg8 21. Nd6 Be8 22. Qg4 g6 23. f4 Be7 24. Nb7 Qc7 25. Bxe7 Qxe7 26. Nc5 Bd7 27. f5 h5 28. Qf3 gxf5 29. Qxh5+ Kg7 30. Rxf5 f6 31. Rxf6 1-0

[Event "Mecklenburg VP LL 0708"]
[Site "Mecklenburg VP"]
[Date "2008.01.20"]
[Round "5.7"]
[White "Tuchtenhagen, Harald"]
[Black "Moritz, Hartmut"]
[Result "1-0"]
[WhiteElo "1864"]
[BlackElo "1878"]
[PlyCount "67"]
[EventDate "2007.10.21"]
[EventType "team-tourn"]
[EventRounds "9"]
[EventCountry "GER"]
[SourceTitle "EXT 2016"]
[Source "ChessBase"]
[SourceDate "2015.10.08"]
[SourceVersion "1"]
[SourceVersionDate "2015.10.08"]
[SourceQuality "1"]
[WhiteTeam "Ludwigslust Post SV"]
[BlackTeam "Rostock SSC 07 II"]
[WhiteTeamCountry "GER"]
[BlackTeamCountry "GER"]

1. e4 e6 2. d4 d5 3. exd5 exd5 4. c4 Bb4+ 5. Nc3 Qe7+ 6. Be3 Nf6 7. a3 Bxc3+ 8. bxc3 Ng4 9. cxd5 0-0 10. Qd3 Re8 11. Kd2 c6 12. dxc6 bxc6 13. c4 c5 14. d5 Nc6 15. Nf3 Na5 16. Re1 Ba6 17. Qc3 Qc7 18. Bd3 Rab8 19. Rb1 Nf6 20. Qc2 Rbd8 21. Ke2 Qf4 22. g3 Qg4 23. h3 Qd7 24. Kf1 Qe7 25. Kg2 Ne4 26. Rhe1 f5 27. Bg5 Qd7 28. Bxd8 Qxd8 29. Bxe4 fxe4 30. Nd2 e3 31. Rxe3 Rxe3 32. fxe3 Nxc4 33. Nxc4 Qxd5+ 34. e4 1-0